ბათუმის შოთა რუსთაველის სახელმწიფო უნივერსიტეტის ბიბლიოთეკა

Древние греки на острове Березань / (ბიბ.ჩანაწერი № 60881)

000 -LEADER
fixed length control field 00575nam a22001577a 4500
005 - DATE AND TIME OF LATEST TRANSACTION
control field 20231114153511.0
008 - FIXED-LENGTH DATA ELEMENTS--GENERAL INFORMATION
fixed length control field 231114s1969 ru ||||| |||| 00| 0 rus d
041 ## - LANGUAGE CODE
Language code of text/sound track or separate title rus
080 ## - UNIVERSAL DECIMAL CLASSIFICATION NUMBER
Universal Decimal Classification number 9(38)(093) Г-67
100 ## - MAIN ENTRY--PERSONAL NAME
Personal name Горбунова, К.С.
9 (RLIN) 20358
245 ## - TITLE STATEMENT
Title Древние греки на острове Березань /
Statement of responsibility, etc. К.С. Горбунова.
264 ## - PRODUCTION, PUBLICATION, DISTRIBUTION, MANUFACTURE, AND COPYRIGHT NOTICE
Place of production, publication, distribution, manufacture Л.:
Name of producer, publisher, distributor, manufacturer Советский художник,
Date of production, publication, distribution, manufacture, or copyright notice 1969.
300 ## - PHYSICAL DESCRIPTION
Extent 44 стр.:
Other physical details ил.
Dimensions 20 см.
653 ## - INDEX TERM--UNCONTROLLED
keyword არქეოლოგიური გათხრები
942 ## - ADDED ENTRY ELEMENTS (KOHA)
Source of classification or shelving scheme
Koha item type წიგნი
ეგზემპლარები
Withdrawn status Lost status Source of classification or shelving scheme Damaged status Not for loan Permanent Location Current Location Shelving location Date acquired Cost, normal purchase price Full call number Barcode Date last seen Copy number Uniform Resource Identifier Price effective from Koha item type Public note
          ბათუმის შოთა რუსთაველის სახელმწიფო უნივერსიტეტის მთავარი ბიბლიოთეკა ბათუმის შოთა რუსთაველის სახელმწიფო უნივერსიტეტის მთავარი ბიბლიოთეკა წიგნსაცავი 2023-11-14 5.00 9(38)(093) Г-67 65439 2023-11-14 65439 ბსუ-ს საპატიო დოქტორის გურამ ლორთქიფანიძის საჩუქარი 2023-11-14 წიგნი 5 ლ.